Analýza sociálno - ekonomického vývoja v Čile v 20. a 21. Storočí
Čile patrí k ekonomicky najprosperujúcejším štátom Latinskej Ameriky. Ekonomický a sociálny vývoj v Čile v 20. a 21.storočí. Historicko-politické a hospodársko-sociálne zmeny realizované v poslednom období v Čile.
Guardado en:
| Autor principal: | |
|---|---|
| Formato: | Capítulo de libro |
| Lenguaje: | eslovaco |
| Materias: | |
| Etiquetas: |
Sin Etiquetas, Sea el primero en etiquetar este registro!
|
MARC
| LEADER | 00000nla a2200000 4500 | ||
|---|---|---|---|
| 001 | 0240328 | ||
| 005 | 20240417075132.1 | ||
| 041 | 0 | |a slo | |
| 044 | |a SK | ||
| 245 | 1 | 0 | |a Analýza sociálno - ekonomického vývoja v Čile v 20. a 21. Storočí |c Jana Bakytová |
| 520 | |a Čile patrí k ekonomicky najprosperujúcejším štátom Latinskej Ameriky. Ekonomický a sociálny vývoj v Čile v 20. a 21.storočí. Historicko-politické a hospodársko-sociálne zmeny realizované v poslednom období v Čile. | ||
| 610 | 2 | 0 | |a Čile |
| 610 | 2 | 0 | |a vývoj hospodársky |
| 610 | 2 | 0 | |a vývoj politický |
| 610 | 2 | 0 | |a vývoj sociálny |
| 610 | 2 | 0 | |a Slovensko |
| 100 | 1 | |a Bakytová, Jana | |